| 000 | 00552cam a2200193 4500 | ||
|---|---|---|---|
| 001 | J80 | ||
| 008 | 090401t1981 xxu||||| |||| 00| 0 eng d | ||
| 035 | _a(Sirsi) u38053 | ||
| 041 | _aeng | ||
| 050 | _a691.0212 | ||
| 110 |
_aUnited Kingdom _bDepartment of the Environment _9982 |
||
| 245 | _aMonthly statistics of building materials and components. - 1981. | ||
| 260 |
_aLondon _bDepartment of the Environment _c1981 |
||
| 300 | _a12pt. bound in 1v. ; 21x30 cm. | ||
| 350 | _a0 | ||
| 690 | _aBUILT ENVIRONMENT | ||
| 942 | _n0 | ||
| 948 | _c04/03/1997 | ||
| 999 |
_c90599 _d90599 |
||